Men's studies: a selected and annotated interdisciplinary bibliography
| 1. VerfasserIn: | |
|---|---|
| Medienart: | Druck Buch |
| Sprache: | Deutsch Englisch |
| Veröffentlicht: |
Littleton, Colo.
Libraries Unlimited
1985
|
| In: | Jahr: 1985 |
| Bestand in Tübingen: | In Tübingen vorhanden. UB: KB 18 A 2945 |
| Verfügbarkeit prüfen: | HBZ Gateway |
| Subito Bestelldienst: | Jetzt bestellen. |
| Schlagwörter: |
MARC
| LEADER | 00000cam a2200000 c 4500 | ||
|---|---|---|---|
| 001 | 273012312 | ||
| 003 | DE-627 | ||
| 005 | 20260206200220.0 | ||
| 007 | tu | ||
| 008 | 871117s1985 xxu||||| b 00| ||ger c | ||
| 020 | |a 0872874818 |9 0-87287-481-8 | ||
| 035 | |a (DE-627)273012312 | ||
| 035 | |a (DE-603)114517894 | ||
| 035 | |a (DE-576)013389181 | ||
| 035 | |a (DE-599)GBV273012312 | ||
| 035 | |a (OCoLC)246882026 | ||
| 035 | |a (OCoLC)11550576 | ||
| 035 | |a (OCoLC)11550576 | ||
| 035 | |a (DE-604)8065935675 | ||
| 040 | |a DE-627 |b ger |c DE-627 |e rakwb | ||
| 041 | |a ger |a eng | ||
| 044 | |c XD-US | ||
| 050 | 0 | |a Z7164.M49 | |
| 050 | 0 | |a HQ1090 | |
| 082 | 0 | |a 016.3053/1 | |
| 082 | 0 | |a 016.30531 |2 DDC19oclc | |
| 084 | |a MS 2800 |2 rvk |0 (DE-625)rvk/123644: | ||
| 100 | 1 | |8 1\p |a August, Eugene R. |d 1935- |0 (DE-588)172503477 |0 (DE-627)697440621 |0 (DE-576)133364208 |4 aut | |
| 109 | |a August, Eugene R. 1935- |a August, Eugene 1935- | ||
| 245 | 1 | 0 | |a Men's studies |b a selected and annotated interdisciplinary bibliography |
| 264 | 1 | |a Littleton, Colo. |b Libraries Unlimited |c 1985 | |
| 300 | |a XVII, 215 S. | ||
| 336 | |a Text |b txt |2 rdacontent | ||
| 337 | |a ohne Hilfsmittel zu benutzen |b n |2 rdamedia | ||
| 338 | |a Band |b nc |2 rdacarrier | ||
| 500 | |a 2. Aufl u.d.T.: August, Eugene R.: The new men's studies | ||
| 583 | 1 | |a Archivierung prüfen |c 20200919 |f DE-640 |z 2 |2 pdager | |
| 583 | 1 | |a Archivierung prüfen |c 20240324 |f DE-4165 |z 2 |2 pdager | |
| 650 | 0 | |a Men |v Bibliography | |
| 650 | 0 | |a Men's studies |v Bibliography | |
| 655 | 7 | |a Bibliografie |0 (DE-588)4006432-3 |0 (DE-627)104814519 |0 (DE-576)208865578 |2 gnd-content | |
| 883 | |8 1\p |a cgwrk |d 20241001 |q DE-101 |u https://d-nb.info/provenance/plan#cgwrk | ||
| 889 | |w (DE-627)022701680 | ||
| 935 | |i mdedup | ||
| 935 | |i Blocktest | ||
| 936 | r | v | |a MS 2800 |b Soziologische Geschlechterforschung (Lehrbücher, Überblickswerke, Allgemeines) |k Soziologie |k Spezielle Soziologien |k Soziologische Geschlechterforschung (Gender Studies) |k Soziologische Geschlechterforschung (Lehrbücher, Überblickswerke, Allgemeines) |0 (DE-627)1441334475 |0 (DE-625)rvk/123644: |0 (DE-576)371334470 |
| 936 | s | n | |a a100 |2 mzub |
| 951 | |a BO | ||
| ELC | |b 1 | ||
| LOK | |0 000 xxxxxcx a22 zn 4500 | ||
| LOK | |0 001 3276843145 | ||
| LOK | |0 003 DE-627 | ||
| LOK | |0 004 273012312 | ||
| LOK | |0 005 20151027134329 | ||
| LOK | |0 008 871117||||||||||||||||ger||||||| | ||
| LOK | |0 040 |a DE-21 |c DE-627 |d DE-21 | ||
| LOK | |0 852 |a DE-21 | ||
| LOK | |0 852 1 |c KB 18 A 2945 |9 00 | ||
| LOK | |0 935 |a krim | ||
| LOK | |0 939 |a 17-11-87 |b l01 | ||
| ORI | |a SA-MARC-krimdoka001.raw | ||
| SIG | |a UB: KB 18 A 2945 | ||
